| 000 | 01230nam a22003017a 4500 | ||
|---|---|---|---|
| 999 |
_c64721 _d64721 |
||
| 005 | 20240530110746.0 | ||
| 008 | 181204s2018 ua g b 000 0 ara d | ||
| 017 |
_a2017/16846 _bمصر. دار الكتب |
||
| 020 | _a9789778121827 | ||
| 040 |
_aEG-CaGPL _cEG-CaGPL |
||
| 082 | 0 | 4 |
_221 _a303.625 / _bأ آ |
| 100 | 0 | _aامنية سالم | |
| 245 | 1 | 0 |
_aاليات مواجهة الارهاب فى دول مجلس التعاون الخليجى / _cاعداد امنية سالم، كريم نبيل |
| 250 | _aط.1 | ||
| 260 |
_aالقاهرة : _bالمكتب العربى للمعارف، _c2018. |
||
| 300 |
_a338 ص. ؛ _c24 سم. |
||
| 490 | 0 | _aالتحولات فى دول مجلس التعاون الخليجى | |
| 504 | _aيشتمل على ارجاعات ببليوجرافية | ||
| 650 | 0 | 7 |
_2qrmak _aالارهاب |
| 650 | 0 | 7 |
_2qrmak _aالتخريب والتدمير |
| 650 | 0 | 7 |
_2qrmak _aالتمرد والعصيان |
| 650 | 0 | 7 |
_2qrmak _aالجرائم السياسية |
| 650 | 0 | 7 |
_2qrmak _aالارهاب _xدول مجلس التعاون الخليجى _xمواجهة |
| 651 | _2qrmak | ||
| 700 | 0 |
_aكريم نبيل _eمعد |
|
| 942 |
_2ddc _cBK |
||